| 000 | 00872nas a2200253Ia 4500 | ||
|---|---|---|---|
| 001 | R012/42588 | ||
| 003 | IT-RoPAU | ||
| 008 | 151124c99999999xx |||||||||||| ||und|| | ||
| 040 | _aIT-RoPAU | ||
| 040 | _cIT-RoPAU | ||
| 041 | _aITALIANO | ||
| 100 |
_aAccialini Fulvio _gCodice Aut. SPICS: 10098 |
||
| 210 | _aCINEMA & CINEMA | ||
| 222 | _aCinema & Cinema | ||
| 245 |
_aCINEMA & CINEMA, ANNO 07-N.22/23 (GENNAIO-GIUGNO 1980) _bLosey: Il Convitato di Pietra, Ovvero Il Cinema |
||
| 250 | _a1a ed. | ||
| 260 |
_aVENEZIA _bMARSILIO _c1980 |
||
| 501 |
_bPaulus - SPICS - Società San Paolo EM (non-commercial uses only) _cCopyright2015 |
||
| 300 | _a8 p. [78-85] | ||
| 362 | _aANNO 007, N.22/23 (GENNAIO-GIUGNO 1980) | ||
| 500 | _aA Proposito del Don Giovanni di Joseph Losey. Rapporto Cinema e Musica. | ||
| 650 |
_aCINEMA _vPUBBLICAZIONE PERIODICA |
||
| 942 | _cCR | ||
| 999 |
_c122993 _d122993 |
||